000 00447nam a2200169Ia 4500
005 20250508152509.0
008 008 250505s9999 xx 000 0 eng d
037 _aTextual
040 _aFEDL
_beng
_cFEDL
041 _aeng
_2eng
084 _a371.9, SCI
_qFEDL
245 0 _aRoster workbook
260 _aChicago, USA
_bScience Research Association
300 _a34p.
942 _cTEXL
_h371.9, SCI
999 _c1336811
_d1336811